=LDR 00000nam 2200000 4500 =001 INLIS000000000037135 =005 20130612142859 =008 ***********************************Ind** =035 ##$$a0010-061300000037135 =041 ##$$a Ind =082 ##$$a 746.44 =090 ##$$a 746.44, Rah s =100 ##$$a Rachminingsih, Endang =245 ##$$a Sulaman bunga cantik pada tas jinjing anda, Endang Rachminingsih ; editor, Intarina Hardiman =260 ##$$a 2010 $b jakarta =300 ##$$a 80 hlm, ilus, 25 cm =650 ##$$a Sulaman =850 ##$$a NBPNMAT =990 ##$$a 0001/BPAP-NTB/20142014